000 00459nam a2200181Ia 4500
005 20250508155910.0
008 008 250505s9999 xx 000 0 eng d
037 _aTextual
040 _aFEDL
_beng
_cFEDL
041 _aeng
_2eng
084 _a301.015, MAD
_qFEDL
100 _aMadge John
245 0 _aOrigins of scientific sociology
260 _c1964
300 _a600p.
942 _cTEXL
_h301.015, MAD
999 _c1359945
_d1359945